00574nam a22001817a 450000500170000001000150001702000260003203500140005803700140007208200110008610000190009724500940011626000380021027000450024830000260029350000520031970000210037120180820122428.0 aENG-123736 a9789352873807c315.00 aEN-107268 bDBAD/PUB. a954.33 aRajan Gurukkal aHistory of kerala:cby Rajan Gurukkal [and] Raghava VarierbPrehistoric to the present /  aHyderabadbOrient Blackswanc2018 a3-6-752 Himayatnagar,bHyderabade500029v axvi,366p.)c21cm(pbk) aIt includes bibliography, appendices and index  aVarier, Raghava